| LEADER | 00883nam a2200253 a 4500 | ||
|---|---|---|---|
| 001 | GR-MES3047 | ||
| 008 | 991111s1991 enk 000 b eng d | ||
| 020 | |a 0863186688 | ||
| 040 | |a GrPaTEI |b gre |c GR-PaULI | ||
| 245 | 0 | 0 | |a Organic gardening. |
| 260 | |a London : |b Dorling, |c 1991 | ||
| 300 | |a 224σελ. : |b εικ. | ||
| 650 | 4 | |a Ασθένειες | |
| 650 | 4 | |a Καλλιέργεια | |
| 650 | 4 | |a Κηπουρική | |
| 650 | 4 | |a Λαχανικά | |
| 650 | 4 | |a Φρούτα | |
| 650 | 4 | |a ΦΥΛΛΩΔΗ | |
| 700 | 1 | |a Hamilton, G. | |
| 710 | 0 | |a Dorling | |
| 942 | |2 ddc | ||
| 952 | |0 0 |1 0 |2 ddc |4 0 |6 635_000000000000000_HAM |7 0 |9 267574 |a MSLG |b MSLG |c BSC |d 2021-01-17 |e 24 |f 0 |g 0.00 |l 0 |o 635 HAM |p 2420000004452 |r 2021-01-17 00:00:00 |t 1 |v 2021.00 |w 2021-01-17 |y BK15 |x Μεταφορά από Αμαλιάδα (18/10/22) |x GrPaTEI | ||
| 971 | |a .b25740921 |b 15-04-20 |c 13-09-16 | ||
| 999 | |c 154046 |d 154046 | ||